000 00500nam a22001937i 4500
001 7937
003 OSt
005 20170126082405.0
007 tu
008 161220s2010 xxu||||| |||| 00| 0 d
022 _a1302-177X
024 7 _a7937
_2RID
040 _cOSt
245 0 0 _aInsight Turkey
260 _aAnkara :
_bSETA Foundation for Political, Economic and Social Research,
_c2010.
490 _vVol-12/1 2010
651 _aTurkey
110 2 _aSETA Foundation for Political, Economic and Social Research
942 _cB
999 _c6702
_d6702